Operators contest controls (Record no. 74517)

MARC details
000 -LEADER
fixed length control field 01546cam a2200217 4500
001 - CONTROL NUMBER
control field X127206
008 - FIXED-LENGTH DATA ELEMENTS--GENERAL INFORMATION
fixed length control field 040831n2004 000 0 eng u
035 ## - SYSTEM CONTROL NUMBER
System control number (Sirsi) u127206
100 ## - MAIN ENTRY--PERSONAL NAME
Personal name Early, C.
245 ## - TITLE STATEMENT
Title Operators contest controls
260 ## - PUBLICATION, DISTRIBUTION, ETC.
Date of publication, distribution, etc. 2004
490 ## - SERIES STATEMENT
Series statement Planning (for the Natural and Built Environment)
Volume/sequential designation (1580) 30 July 2004, 16(1)
520 ## - SUMMARY, ETC.
Summary, etc. Assesses the consultation record of mobile phone operators in their applications for mobile phone masts in the light of the recent All Party Mobile Group (ApMobile) report (see Absxxxxx). The Mobile Operators Association (MOA) insists that its members have greatly improved their consultation record over the last three years and ApMobile acknowledges that the operators' voluntary code is worthwhile when implemented properly. MOA argues that it is not the planning regulations that need changing but rather the way in which planning authorities work with the industry. A survey by MORI of council planners about aspects of base station planning reported favourably about the performance of MOA members but pointed out planning officers relative lack of telecommunications knowledge. MOA is against the revocation of base station permitted development rights. Discusses some of the recommendations of the ApMobile report.
650 ## - SUBJECT ADDED ENTRY--TOPICAL TERM
Topical term or geographic name entry element PERMITTED DEVELOPMENT RIGHTS
650 ## - SUBJECT ADDED ENTRY--TOPICAL TERM
Topical term or geographic name entry element MOBILE PHONE MASTS
650 ## - SUBJECT ADDED ENTRY--TOPICAL TERM
Topical term or geographic name entry element BASE STATIONS
650 ## - SUBJECT ADDED ENTRY--TOPICAL TERM
Topical term or geographic name entry element MOBILE PHONES INDUSTRY
650 ## - SUBJECT ADDED ENTRY--TOPICAL TERM
Topical term or geographic name entry element PPG3
690 ## - LOCAL SUBJECT ADDED ENTRY--TOPICAL TERM (OCLC, RLIN)
Topical term or geographic name as entry element ENVIRONMENTAL AND LAND CONSULTANCY-PLANNING AND DEVELOPMENT
942 ## - ADDED ENTRY ELEMENTS (KOHA)
Suppress in OPAC 0
Holdings
Withdrawn status Lost status Source of classification or shelving scheme Damaged status Not for loan Home library Current library Shelving location Date acquired Total Checkouts Full call number Barcode Date last seen Copy number Price effective from Koha item type
    Dewey Decimal Classification     London London Journal article 31/08/2004   X127206 127206-1001 06/08/2019 1 06/08/2019 Journal article